000 00425nam a2200157Ia 4500
008 210210b2005 xxu||||| |||| 00| 0 eng d
020 _a81 7888 258 2
082 _a575.1 SRIG
100 _aSRIDHAR (Sriram)
245 _aGenetics and microbial biotechnology
260 _aN D
_bDominant Publishers and Distributors
_c2005
300 _a280
650 _aMicrobial Biotechnology
690 _aGenetics
906 _aSG04756
999 _c115559
_d115559